书目信息 |
| 题名: |
木制别墅建筑
|
|
| 作者: | ;廖恩伟 译 ;韩国产业文化出版社 编 | |
| 分册: | ||
| 出版信息: | 长春 吉林科学技术出版社 2003 |
|
| 页数: | 192页 | |
| 开本: | 29cm | |
| 丛书名: | 韩国现代建筑 | |
| 单 册: | ||
| 中图分类: | TU241.1-64 , TU241.1 | |
| 科图分类: | ||
| 主题词: | 木结构--别墅--建筑设计--韩国--现代--图集 | |
| 电子资源: | ||
| ISBN: | 7-5384-2711-2 | |
| 000 | 01032oam2 2200289 450 | |
| 001 | 1570320781 | |
| 005 | 20150118193300.28 | |
| 010 | @a7-5384-2711-2@dCNY49.80 | |
| 100 | @a20030512d2003 em y0chiy50 ea | |
| 101 | 1 | @achi@ckor |
| 102 | @aCN@b220000 | |
| 105 | @aa z 000yy | |
| 200 | 1 | @a木制别墅建筑@9mu zhi bie shu jian zhu@e[图集]@f[韩国产业文化出版社编]@g廖恩伟译 |
| 210 | @a长春@c吉林科学技术出版社@d2003 | |
| 215 | @a192页@d29cm | |
| 225 | 2 | @a韩国现代建筑 |
| 305 | @a韩国产业出版公司授权出版 | |
| 330 | @a本书重视木质材料的特殊性,在建筑设计上强调风格与空间感,使户外景致和原木结构完美结合,利用空间悬念与联想给人以视觉美的享受。 | |
| 461 | 0 | @12001 @a韩国现代建筑 |
| 510 | 1 | @aWooden Villa Architecture@zeng |
| 606 | 0 | @a木结构@x别墅@x建筑设计@y韩国@z现代@j图集 |
| 690 | @aTU241.1-64@v5 | |
| 690 | @aTU241.1@v4 | |
| 702 | 0 | @a廖恩伟@9liao en wei@c(建筑设计)@4译 |
| 711 | 02 | @a韩国产业文化出版社@9han guo chan ye wen hua chu ban she@4编 |
| 801 | 0 | @aCN@bTSSF@c20150118 |
| 905 | @aZUCC@dTU241.1@eJY34 | |
| 木制别墅建筑:[图集]/[韩国产业文化出版社编]/廖恩伟译.-长春:吉林科学技术出版社,2003 |
| 192页;29cm.-(韩国现代建筑) |
| ISBN 7-5384-2711-2:CNY49.80 |
| 本书重视木质材料的特殊性,在建筑设计上强调风格与空间感,使户外景致和原木结构完美结合,利用空间悬念与联想给人以视觉美的享受。 |
| ● |
| 相关链接 |
|
|
|
|
正题名:木制别墅建筑
索取号:TU241.1/JY34
 
预约/预借
| 序号 | 登录号 | 条形码 | 馆藏地/架位号 | 状态 | 备注 |
| 1 | 7847916 | 278479166 | 学院路分馆/ [索取号:TU241.1/JY34] | 在馆 | |
| 2 | 7847917 | 278479175 | 学院路分馆/ [索取号:TU241.1/JY34] | 在馆 |